[Event "Neckar op-C 6th"]
[Site "Deizisau"]
[Date "2002.03.31"]
[Round "7"]
[White "Hlousek, Heinz"]
[Black "Hoops, Christian"]
[Result "0-1"]
[WhiteElo "1260"]
[BlackElo "1273"]
[PlyCount "186"]
[EventDate "2002.03.28"]
[EventType "swiss"]
[EventRounds "9"]
[EventCountry "GER"]
[SourceTitle "EXT 2003"]
[Source "ChessBase"]
[SourceDate "2002.11.25"]
[SourceVersion "1"]
[SourceVersionDate "2002.11.25"]
[SourceQuality "1"]

1. e4 e5 2. Nf3 Nc6 3. Bc4 Bc5 4. c3 Nf6 5. d4 exd4 6. cxd4 Bb4+ 7. Bd2 Bxd2+ 8. Nbxd2 d5 9. exd5 Nxd5 10. Qb3 Nce7 11. 0-0 0-0 12. Rfe1 c6 13. a4 Nb6 14. Bxf7+ Rxf7 15. Ng5 Nbd5 16. Nxf7 Kxf7 17. Nf3 Kg8 18. Re4 Bf5 19. Re5 Qd7 20. Nh4 Ng6 21. Nxg6 Bxg6 22. Rae1 Re8 23. a5 Rxe5 24. dxe5 Bf7 25. h3 Be6 26. Qa3 Qe7 27. Qxe7 Nxe7 28. g4 g5 29. Re4 Nd5 30. Kh2 Kg7 31. Kg3 Kg6 32. h4 h6 33. Rd4 Kf7 34. b4 Ke7 35. h5 Nf4 36. Rd1 Bd5 37. f3 a6 38. Kf2 Ke6 39. Kg3 Ne2+ 40. Kf2 Nf4 41. Kg3 Ne2+ 42. Kf2 Nc3 43. Re1 Na2 44. f4 Nxb4 45. f5+ Ke7 46. Ke2 c5 47. Rc1 c4 48. Rb1 Nd3 49. e6 Ne5 50. Ke3 Nxg4+ 51. Kd4 Bc6 52. Rf1 Nf6 53. Re1 Nxh5 54. Kxc4 Nf6 55. Kd4 h5 56. Rg1 g4 57. Ke5 h4 58. Kf4 h3 59. Kg3 Be4 60. Rc1 Bxf5 61. Rc7+ Kxe6 62. Rxb7 Bd3 63. Rb6+ Ke5 64. Rc6 Kf5 65. Rc5+ Ke4 66. Rc1 Ke3 67. Rc6 Ne4+ 68. Kxg4 h2 69. Rh6 h1Q 70. Rxh1 Nf2+ 71. Kh4 Nxh1 72. Kg5 Kd4 73. Kf4 Kc5 74. Ke3 Bh7 75. Kf3 Kb5 76. Kg2 Kxa5 77. Kxh1 Kb4 78. Kg2 Kc3 79. Kf3 a5 80. Kf4 a4 81. Ke5 a3 82. Kf4 a2 83. Ke5 a1Q 84. Kd5 Qe1 85. Kd6 Kd4 86. Kc6 Qe5 87. Kb6 Kc4 88. Kc6 Qf6+ 89. Kc7 Kc5 90. Kd7 Qd6+ 91. Kc8 Qe7 92. Kb8 Kb6 93. Kc8 Qc7# 0-1